Central Library and Information Centre
Sibsagar Girls' College, Sivasagar : Assam

JATAK (The Buddhist Jatak) (Vol-1) (Record no. 20280)

MARC details
000 -LEADER
fixed length control field 00509cam a2200193ua 4500
008 - FIXED-LENGTH DATA ELEMENTS--GENERAL INFORMATION
fixed length control field 140905n II |||gr||||Z||||||asm
040 ## - CATALOGING SOURCE
Original cataloging agency MAIN
041 ## - LANGUAGE CODE
-- English
082 ## - DEWEY DECIMAL CLASSIFICATION NUMBER
Classification number 891.451 31 TAM
100 ## - MAIN ENTRY--PERSONAL NAME
Personal name TAMULY, LAXMI NATH ,
Relator term EDITOR.
245 ## - TITLE STATEMENT
Title JATAK (The Buddhist Jatak) (Vol-1)
250 ## - EDITION STATEMENT
Edition statement 2ND.
260 ## - PUBLICATION, DISTRIBUTION, ETC.
Place of publication, distribution, etc. GUWAHATI:
Name of publisher, distributor, etc. ASSAM PRAKASHAN PARISHAD,
Date of publication, distribution, etc. 2014.
300 ## - PHYSICAL DESCRIPTION
Extent 358:
Dimensions 20CM.
700 ## - ADDED ENTRY--PERSONAL NAME
Personal name SARMAH DR. THANESWAR ,
Relator term TRANSLATOR.,
942 ## - ADDED ENTRY ELEMENTS (KOHA)
Koha item type Books
653 ## - INDEX TERM--UNCONTROLLED
Uncontrolled term Asomiya Novels
Holdings
Withdrawn status Lost status Damaged status Not for loan Collection code Home library Current library Shelving location Date acquired Full call number Barcode Date last seen Copy number Price effective from Koha item type
        REFASM Central Library and Information Centre Sibsagar Girls College Central Library and Information Centre Sibsagar Girls College Assamese Fiction 22.08.2014 891.451 31 TAM 31054 27.02.2020 1 27.02.2020 Books


Sibsagar Girl's College © 2020. All rights reserved.
Powered by Koha.
Maintained by Abhijit Borpuzari.